| 000 | 00735cam a2200181 4500 | ||
|---|---|---|---|
| 001 | ABS60748 | ||
| 008 | 000000n1999 000 0 eng u | ||
| 035 | _a(Sirsi) u101240 | ||
| 110 |
_aBuilding Conservation Journal _93797 |
||
| 245 | _aRoof coverings. | ||
| 260 | _c1999 | ||
| 490 |
_aRICS Building Conservation Journal _v(22) Spring/Summer 1999, 9-20(12) |
||
| 520 | _aA feature on roof coverings, looking at the historical development of pitched roofing, Horsham slating, stone slating (including Collyweston stone slating), and the corrosion of lead roofing, using the roof of the Great Hall at Hampton Court as a case study. | ||
| 650 | _aROOF COVERINGS | ||
| 650 | _aHAMPTON COURT | ||
| 690 | _aCONSERVATION | ||
| 942 | _n0 | ||
| 999 |
_c60394 _d60394 |
||